00309nam a2200121Ia 4500008004100000041000800041082001500049100001500064245002900079260004400108300002400152365001100176240624s9999 xx 000 0 und d aeng a657.45 FAR aFARBEY A D aADVERTISING AGENCY AUDIT aUKbCambridge Strategy Publications Ltd a145 : p. : cm. ; 29 cRSb50